000
00322nam a2200145Ia 4500
100
_a
Barkakati/Nabajyoti
942
_c
BK
654
_a
Programming C++
245
_a
Object oriented programming in C++
260
_b
P.H.I.
_a
New Delhi
_c
1995
082
_a
5.13
_b
PAN
300
_a
739
546
_a
ENGLISH
999
_c
19595
_d
19595